History of human rights:from ancient times to the globalization era (Record no. 443452)

000 -LEADER
fixed length control field 00413cam a22001337a 4500
008 - FIXED-LENGTH DATA ELEMENTS--GENERAL INFORMATION
fixed length control field 180718b2004 xxu||||| |||| 00| 0 eng d
020 ## - INTERNATIONAL STANDARD BOOK NUMBER
International Standard Book Number 8125033610
082 ## - DEWEY DECIMAL CLASSIFICATION NUMBER
Classification number C41 Is3h
100 ## - MAIN ENTRY--PERSONAL NAME
Personal name Ishay, Micheline
245 ## - TITLE STATEMENT
Title History of human rights:from ancient times to the globalization era
Statement of responsibility, etc. By Micheline R. Ishay
260 ## - PUBLICATION, DISTRIBUTION, ETC.
Place of publication, distribution, etc. New Delhi
Name of publisher, distributor, etc. Orient Blackswan
Date of publication, distribution, etc. 2004
300 ## - PHYSICAL DESCRIPTION
Extent 458p.
650 ## - SUBJECT ADDED ENTRY--TOPICAL TERM
Topical term or geographic name entry element Human rights -- History
Holdings
Withdrawn status Lost status Damaged status Not for loan Permanent Location Current Location Date acquired Full call number Barcode Date last seen Price effective from Koha item type
        Indian Institute of Public Administration Indian Institute of Public Administration 2013-12-10 C41 Is3h 85363 2018-07-21 2018-07-21 Book

Powered by Koha